000 00413nam a2200169 a 4500
001 0000-9509
003 ELIB.Books
008 110520 1952
035 _a(ELIB.Books)0000-9661
082 _aFic
_bSch
100 _aSchonell, Fred J
245 _aWide Range Readers
260 _bEdinburgh: Oliver and Boyd
_c1952
650 _aFiction
942 _2ddc
_cBK
998 _cbat
_e2011-05-20
999 _c9509
_d9509